000
00235 a2200097 4500
001
40828
100
_a
Lexicon Pubs
245
_a
Lexicon Universal Encyclopedia (Vol-III)
260
_a
New York
_b
Lexicon Pubs
_c
090
_c
25090
_d
25090
942
_a
NUST-CAE
_c
M
_c
16770
999
_c
275901
_d
275901